000 00757nam a2200253Ia 4500
003 OSt
005 20220927110453.0
006 a|||||r|||| 00| 0
007 ta
008 220926b |||||||| |||| 00| 0 eng d
024 _a76213
037 _cReports
040 _aRTL
_cRTL
_beng
041 _2eng
_aeng
082 _a"X723.254r, GD"
110 _a"Orissa, Revenue (Deptt)"
_9378593
245 0 _aReport on the settlement of the land revenue in the areas transformed from the Madras presidency to the Orissa
260 _aCuttack
_bGovt Press India
490 _vFasli 1346 1936-37
650 _aLand Taxation
700 _a"Orissa, Revenue (Deptt)"
_9378594
942 _h"X723.254r, GD"
_cCC
999 _c696886
_d696886